Fußballvereinsname nach Stadt - Deutschland #2 - Statistiken

Allgemein
  • Dieses Quiz wurde 169 mal gespielt
  • Das Durchschnittsergebnis liegt bei 14 aus 15
Antwortstatistiken
Hint Antwort % Korrekt
Union Berlin
98%
Fortuna Düsseldorf
98%
Energie Cottbus
97%
Rot-Weiß Essen
97%
Schalke Gelsenkirchen
97%
Erzgebirge Aue-Bad Schlema
92%
MSV Duisburg
92%
Bayern München
92%
Lokomotive Leipzig
88%
Wormatia Worms
88%
Wacker Burghausen
87%
Sportfreunde Lotte
87%
Hessen Kassel
82%
Kickers Stuttgart
81%
Schanzer Ingolstadt
78%
Keine übereinstimmenden Quizze gefunden
Verteilung der Resultate
Anzahl Personen mit jedem Resultat
Perzentil nach korrekt beantworteten Fragen
Ihre Resultats-Entwicklung
Sie haben dieses Quiz noch nicht gespielt